000 01221nam a2200265Ia 4500
003 OSt
005 20221005105734.0
006 a|||||r|||| 00| 0
007 ta
008 221004b |||||||| |||| 00| 0 san d
020 _a9789385981968 (hbk)
_cINR 1000.00
024 _a43408
037 _b928/19, 29/01/2019, Literacy House
_cTextual
040 _aCRL
_cCRL
_bsan
041 _2san
_asan
082 _aO15:gN, 152Q8
100 _aतिवारी, देवेन्द्र प्रसाद, ले.
_9623933
245 0 _aअर्वाचीन संस्कृत - साहित्य के विकास में वनमाला भवालकर का अवदान
246 _aArvāchīn sanskṛut - sāhitya ke vikās mean vanamālā bhavālakar kā avadāna
260 _aनई दिल्ली
_bसत्यम् पब्लिशिंग हाउस भारत
_c2018
300 _a408पृ0
_ccm.
650 _aसंस्कृत साहित्य
942 _hO15:gN, 152Q8
_cTEXL
_2cc
999 _c1016761
_d1016761